00368nam a2200109Ia 4500008004000000082001500040100004400055245004800099260005600147300001100203650004400214210210b1995 xxu||||| |||| 00| 0 eng d a332.6 FISS aFISCHER (Donald E) & JORDAN (Ronald J). aSecurity analysis and portfolio management. aDelhibPrentice-Hall of India Private Limitedc1995 axi,691 aSecurity analysis Portfolio management